[Event "16th TCh-RUS w 2014"]
[Site "Loo RUS"]
[Date "2014.04.07"]
[Round "1.1"]
[Board "3"]
[White "Schepetkova, Margarita"]
[Black "Kovanova, Baira"]
[Result "1-0"]
[WhiteTitle "WIM"]
[BlackTitle "WGM"]
[WhiteElo "2301"]
[BlackElo "2404"]
[WhiteTeam "SDYUSSHOR SHSH Chigorin Chess Club"]
[BlackTeam "Yugra (KhMAO)"]
[WhiteFideId "4189949"]
[BlackFideId "4164083"]
[EventDate "2014.04.07"]

1. d4 Nf6 2. c4 e6 3. Nc3 Bb4 4. e3 O-O 5. Ne2 d5 6. a3 Bd6 7. Ng3 Re8 8. Bd3 a6
9. O-O Bf8 10. b4 c6 11. Bd2 Nbd7 12. Qc2 e5 13. cxd5 cxd5 14. Qb3 e4 15. Be2
Nb6 16. Rfc1 Bg4 17. Bf1 h5 18. Na4 Nc4 19. Be1 h4 20. Ne2 Bd6 21. Nec3 b5 22.
Nc5 Qc7 23. h3 Bf5 24. a4 Qb6 25. axb5 axb5 26. Bxc4 dxc4 27. Qc2 Qc6 28. f4
Bxc5 29. dxc5 Rad8 30. Ra5 Nd5 31. Nxb5 Nxe3 32. Qf2 Nd5 33. Nd6 e3 34. Qxh4
Rxd6 35. cxd6 Be4 36. Rc5 Qxd6 37. R1xc4 Nb6 38. Rc3 Qd4 39. b5 Bd5 40. Kh2 Qe4
41. Qg5 Re6 42. f5 Re8 43. Rc1 Qe5+ 44. Bg3 Qe4 45. Be1 Qe5+ 46. Kg1 Qd6 47. f6
g6 48. Rc6 Bxc6 49. Rxc6 1-0

[Event "16th TCh-RUS w 2014"]
[Site "Loo RUS"]
[Date "2014.04.07"]
[Round "1.2"]
[Board "2"]
[White "Kashlinskaya, Alina"]
[Black "Atalik, Ekaterina"]
[Result "1/2-1/2"]
[WhiteTitle "WGM"]
[BlackTitle "IM"]
[WhiteElo "2423"]
[BlackElo "2442"]
[WhiteTeam "SHSM our inheritance (Moscow)"]
[BlackTeam "Rook (Kazan)"]
[WhiteFideId "4198026"]
[BlackFideId "4130189"]
[EventDate "2014.04.07"]

1. d4 Nf6 2. c4 g6 3. Nf3 Bg7 4. g3 d5 5. cxd5 Nxd5 6. Bg2 Nb6 7. O-O Nc6 8. e3
O-O 9. Nc3 Re8 10. Re1 e5 11. d5 Na5 12. e4 Nac4 13. b3 Nd6 14. Bg5 f6 15. Be3
Bg4 16. h3 Bxf3 17. Qxf3 f5 18. Rac1 Nd7 19. Qe2 a6 20. Qd2 Rc8 21. a4 Nf6 22.
exf5 gxf5 23. a5 Qd7 24. Na4 Nde4 25. Qb4 Nxd5 26. Qxb7 Nxe3 27. fxe3 Nd6 28.
Nb6 Nxb7 29. Nxd7 e4 30. b4 c5 31. Nxc5 Nxc5 32. bxc5 Re5 33. c6 Bf8 34. Bf1
Rxa5 35. Bc4+ Kg7 36. Be6 Rc7 37. Red1 Rc5 38. Bd7 a5 39. Rxc5 Bxc5 40. Kf2 a4
41. Rd5 Be7 42. Rxf5 Ra7 43. Be6 a3 44. Rf7+ Kg6 45. Kf1 Rc7 46. Bd5 Bd6 47. Rf2
Re7 48. Kg2 Bc7 49. h4 h6 50. Kh3 Bb6 51. Rc2 Kf6 52. g4 Ke5 53. Ba2 Kd6 54. g5
hxg5 55. hxg5 Bxe3 56. g6 Bh6 57. c7 Rxc7 58. Rxc7 Kxc7 59. Kg4 Kd6 60. g7 1/2-1/2

[Event "16th TCh-RUS w 2014"]
[Site "Loo RUS"]
[Date "2014.04.08"]
[Round "2.2"]
[Board "3"]
[White "Schepetkova, Margarita"]
[Black "Zaiatz, Elena"]
[Result "0-1"]
[WhiteTitle "WIM"]
[BlackTitle "IM"]
[WhiteElo "2301"]
[BlackElo "2414"]
[WhiteTeam "SDYUSSHOR SHSH Chigorin Chess Club"]
[BlackTeam "Rook (Kazan)"]
[WhiteFideId "4189949"]
[BlackFideId "4139518"]
[EventDate "2014.04.07"]

1. d4 Nf6 2. c4 e6 3. Nc3 Bb4 4. e3 b6 5. Ne2 c5 6. a3 Ba5 7. Rb1 Na6 8. g3 Bb7
9. d5 b5 10. Bg2 bxc4 11. O-O O-O 12. e4 exd5 13. e5 Ng4 14. Bxd5 Bc6 15. f4 Nc7
16. Bxc6 dxc6 17. h3 Nh6 18. Qa4 Bxc3 19. bxc3 Qd3 20. Rb2 Nd5 21. Qxc6 Rac8 22.
Qb7 Rc7 23. Qa6 Nf5 24. Rd2 Qe3+ 25. Rf2 Nxc3 26. Nxc3 Qxc3 27. Rc2 Qxg3+ 28.
Rg2 Qe1+ 29. Kh2 Kh8 30. Qxc4 Nd4 31. Rcf2 Qe4 32. Qc3 Rc6 33. a4 h6 34. Rg4 Nf5
35. Rgg2 Nd4 36. Rg4 Rfc8 37. Qg3 Nf5 38. Qb3 c4 39. Qb7 Qe1 40. Rfg2 R6c7 41.
Qb1 Nh4 42. Rxh4 Qxh4 43. f5 Qe1 44. e6 fxe6 45. fxe6 Qxe6 46. Bf4 Rf7 47. Qc1
c3 48. Be3 Rf3 49. Bd4 Qd6+ 0-1

[Event "16th TCh-RUS w 2014"]
[Site "Loo RUS"]
[Date "2014.04.09"]
[Round "3.1"]
[Board "2"]
[White "Mammadova, Gulnar"]
[Black "Kashlinskaya, Alina"]
[Result "1/2-1/2"]
[WhiteTitle "WGM"]
[BlackTitle "WGM"]
[WhiteElo "2323"]
[BlackElo "2423"]
[WhiteTeam "SDYUSSHOR SHSH Chigorin Chess Club"]
[BlackTeam "SHSM our inheritance (Moscow)"]
[WhiteFideId "13403508"]
[BlackFideId "4198026"]
[EventDate "2014.04.07"]

1. e4 c5 2. Nf3 d6 3. Bb5+ Nd7 4. O-O Nf6 5. Re1 a6 6. Bxd7+ Bxd7 7. d4 cxd4 8.
Nxd4 g6 9. c4 Bg7 10. Nc3 O-O 11. b3 Qa5 12. Bb2 e6 13. a4 Rfd8 14. Rc1 Rac8 15.
Ba3 Be8 16. h3 Nh5 17. Nde2 Qg5 18. Qd3 Nf4 19. Nxf4 Qxf4 20. Ne2 Qe5 21. Rcd1
Qa5 22. Qd2 Qb6 23. Qb4 Qc6 24. Nd4 Qc5 25. Nc2 b5 26. axb5 Qxb4 27. Bxb4 axb5
28. Na3 bxc4 29. Nxc4 Ba4 30. Na5 Bc6 31. Rc1 Ba8 32. Rxc8 Rxc8 33. Bxd6 Rc2 34.
e5 Bh6 35. Nc4 Rc3 36. Nb6 Bc6 37. b4 Kg7 38. Be7 Bd2 39. Rd1 Bf4 40. Re1 h5 41.
h4 1/2-1/2

[Event "16th TCh-RUS w 2014"]
[Site "Loo RUS"]
[Date "2014.04.09"]
[Round "3.1"]
[Board "3"]
[White "Charochkina, Daria"]
[Black "Belenkaya, Dina"]
[Result "1-0"]
[WhiteTitle "WGM"]
[BlackTitle "WFM"]
[WhiteElo "2380"]
[BlackElo "2254"]
[WhiteTeam "SHSM our inheritance (Moscow)"]
[BlackTeam "SDYUSSHOR SHSH Chigorin Chess Club"]
[WhiteFideId "4180917"]
[BlackFideId "24142654"]
[EventDate "2014.04.07"]

1. e4 c6 2. Nc3 d5 3. Nf3 Nf6 4. e5 Ne4 5. Qe2 Nxc3 6. dxc3 Bg4 7. g3 e6 8. Bg2
Nd7 9. O-O Qc7 10. Re1 Be7 11. Bf4 Nb6 12. h3 Bh5 13. a4 a5 14. g4 Bg6 15. Nd4
h5 16. g5 Nd7 17. c4 dxc4 18. Qxc4 Nb6 19. Nxe6 fxe6 20. Qxe6 Bxc2 21. Rac1 Nd5
22. Bh2 Qc8 23. Qxc8+ Rxc8 24. Rxc2 Nb4 25. Rd2 Bxg5 26. f4 Bh4 27. Red1 Rd8 28.
f5 Ke7 29. Rd6 Rxd6 30. Rxd6 Rd8 31. Re6+ Kf8 32. Bf3 Nc2 33. Rg6 Ne3 34. f6
gxf6 35. exf6 Nd5 36. Be5 Rd7 37. Rh6 Bg5 38. Rh8+ Kf7 39. Bxh5+ Ke6 40. Re8+ 1-0

[Event "16th TCh-RUS w 2014"]
[Site "Loo RUS"]
[Date "2014.04.11"]
[Round "4.1"]
[Board "4"]
[White "Belenkaya, Dina"]
[Black "Shadrina, Tatiana"]
[Result "0-1"]
[WhiteTitle "WFM"]
[BlackTitle "WGM"]
[WhiteElo "2254"]
[BlackElo "2355"]
[WhiteTeam "SDYUSSHOR SHSH Chigorin Chess Club"]
[BlackTeam "Yugra (KhMAO)"]
[WhiteFideId "24142654"]
[BlackFideId "4119118"]
[EventDate "2014.04.07"]

1. e4 c5 2. Nf3 d6 3. Bb5+ Nd7 4. O-O Nf6 5. Re1 a6 6. Bf1 b6 7. d4 cxd4 8. Nxd4
Bb7 9. f3 e6 10. c4 Be7 11. Nc3 O-O 12. Be3 Rc8 13. Rc1 Qc7 14. Qd2 Qb8 15. Qf2
Bd8 16. Red1 Re8 17. Nb3 Bc7 18. g3 h6 19. Be2 Kh8 20. Bd4 Re7 21. Bf1 Ree8 22.
Rc2 Bc6 23. Be3 Rg8 24. Nd4 Bb7 25. Bg2 Qa8 26. b3 g5 27. Nde2 Rg6 28. Na4 b5
29. cxb5 axb5 30. Nb6 Bxb6 31. Rxc8+ Bxc8 32. Bxb6 Qxa2 33. Rxd6 Qb1+ 34. Bf1
Qxb3 35. Be3 e5 36. Rc6 Rg8 37. Nc1 Qa4 38. Qb2 b4 39. Rc4 Ba6 40. Rxb4 Qd1 41.
Ne2 g4 42. f4 Rc8 43. fxe5 Rc2 44. Qd4 Bxe2 45. Qxd1 Bxd1 46. Bd4 Be2 47. Bxe2
Rxe2 48. exf6 Rxe4 49. Bc3 Rxb4 50. Bxb4 Nxf6 51. Bc3 Kg7 52. Kg2 Kg6 53. h3 h5
54. hxg4 hxg4 55. Be5 Kf5 56. Bb8 Ke4 57. Kf2 Kd3 58. Bc7 Ne4+ 59. Kg2 Ke2 60.
Bf4 Nc3 61. Bb8 Nd5 62. Bd6 Ne3+ 63. Kg1 Kf3 64. Bb8 Nf5 65. Kh2 Nd4 66. Kg1
Ne2+ 67. Kh2 Kf2 68. Ba7+ Kf1 69. Bb6 f5 70. Ba7 Nc3 71. Bb6 Ke2 72. Ba7 Kf3 73.
Bb8 Ne2 74. Bc7 Ke3 75. Kg2 Nc3 76. Bb8 Ke2 77. Bc7 Nd5 78. Bb8 Ne3+ 79. Kg1 Kf3
80. Bc7 Nd5 81. Bb8 Nc3 82. Bc7 f4 83. Bxf4 Ne2+ 84. Kh2 Nxf4 85. gxf4 Kf2 86.
f5 g3+ 87. Kh3 g2 88. f6 g1=Q 0-1

[Event "16th TCh-RUS w 2014"]
[Site "Loo RUS"]
[Date "2014.04.11"]
[Round "4.2"]
[Board "3"]
[White "Charochkina, Daria"]
[Black "Zaiatz, Elena"]
[Result "1/2-1/2"]
[WhiteTitle "WGM"]
[BlackTitle "IM"]
[WhiteElo "2380"]
[BlackElo "2414"]
[WhiteTeam "SHSM our inheritance (Moscow)"]
[BlackTeam "Rook (Kazan)"]
[WhiteFideId "4180917"]
[BlackFideId "4139518"]
[EventDate "2014.04.07"]

1. d4 Nf6 2. c4 e6 3. Nc3 Bb4 4. Qc2 O-O 5. a3 Bxc3+ 6. Qxc3 b6 7. Bg5 Bb7 8. e3
d6 9. Ne2 Nbd7 10. Qc2 c5 11. Rd1 Qc8 12. Nc3 cxd4 13. Rxd4 d5 14. cxd5 Nxd5 15.
Rc4 Qb8 16. Bh4 Nxc3 17. Bg3 e5 18. Rxc3 Qd6 19. Bb5 Rac8 20. Bxd7 Qxd7 21. Bxe5
Qd5 22. f4 f6 23. Bd4 Rxc3 24. Bxc3 Qxg2 25. Qxg2 Bxg2 26. Rg1 Bc6 27. Kf2 Kf7
28. Rd1 Rc8 29. Rd6 Rc7 30. Rd4 Rd7 31. Rxd7+ Bxd7 32. e4 g6 33. Ke3 Ke6 34. Kd4
Bc6 35. h4 Bb7 36. Bd2 Bc6 37. Bc3 Bb7 38. Bd2 Bc6 39. Bc3 1/2-1/2

[Event "16th TCh-RUS w 2014"]
[Site "Loo RUS"]
[Date "2014.04.13"]
[Round "6.2"]
[Board "1"]
[White "Bodnaruk, Anastasia"]
[Black "Gunina, Valentina"]
[Result "0-1"]
[WhiteTitle "IM"]
[BlackTitle "GM"]
[WhiteElo "2453"]
[BlackElo "2508"]
[WhiteTeam "SDYUSSHOR SHSH Chigorin Chess Club"]
[BlackTeam "SHSM our inheritance (Moscow)"]
[WhiteFideId "4181751"]
[BlackFideId "4167570"]
[EventDate "2014.04.07"]

1. e4 c5 2. Nf3 e6 3. d4 cxd4 4. Nxd4 a6 5. Nc3 Qc7 6. Be2 b5 7. O-O Bb7 8. Re1
Nc6 9. Nxc6 dxc6 10. e5 Bb4 11. Bd3 c5 12. Qg4 Ne7 13. a4 bxa4 14. Bd2 Rd8 15.
Rad1 Rd4 16. Ne4 Bxe4 17. Rxe4 Bxd2 18. Rxd2 O-O 19. Rxd4 cxd4 20. Qxd4 Qa5 21.
Rd1 g6 22. Be4 Kg7 23. g3 Rc8 24. Ra1 Rd8 25. Qc3 Qb6 26. Rxa4 Rd1+ 27. Kg2 Qb5
28. Rc4 Nd5 29. Qb3 Qa5 30. c3 Ne3+ 31. Kf3 Nxc4 32. Qxd1 Nxb2 33. Qd4 Na4 34.
c4 Nc5 35. Bc2 Qc7 36. Ke2 a5 37. h4 h5 38. Kd2 a4 39. Qc3 Qa7 40. Kc1 Nd7 41.
f4 a3 42. Kb1 Qg1+ 43. Ka2 Qc1 44. Qb3 Nc5 45. Qb1 Qe3 46. Qb4 Qc1 47. Qb1 Qd2
48. Kxa3 Qc3+ 49. Bb3 Nd3 50. Qc2 Qb4+ 51. Ka2 Qa5+ 52. Kb1 Qe1+ 53. Qd1 Qxg3
54. Qd2 Nxf4 55. Bc2 Qxh4 56. Kb2 Qg5 57. Qe3 h4 58. c5 Qg3 59. Qxg3 hxg3 60. c6
g2 61. c7 g1=Q 62. c8=Q Qb6+ 63. Kc1 Qe3+ 64. Kb1 Qxe5 65. Qd8 Nd5 66. Qh4 Nc3+
67. Kb2 Ne4+ 68. Kb1 Qb5+ 69. Kc1 Qg5+ 70. Qxg5 Nxg5 71. Kd2 f5 72. Ke3 Kf6 73.
Kd4 0-1